01906nam a22003614a 4500001001200000003000800012006001900020007001500039008004100054010001700095020003600112020003500148040002100183035002100204043001200225050002500237082001600262100002900278245019200307260005500499300001600554504006400570505038200634533015201016650005201168650003901220650004501259650004301304655002901347700002501376710001701401856012601418ebr10351524CaPaEBRm u cr cn|||||||||040316s2004 miu sb s001 0 eng  z 2004006181 z0472098705 (cloth : alk. paper) z0472068709 (pbk. : alk. paper) aCaPaEBRcCaPaEBR a(OCoLC)587497296 an-us---14aJK1764b.S547 2004eb04a328.2732221 aSmith, Daniel A.,d1966-10aEducated by initiativeh[electronic resource] :bthe effects of direct democracy on citizens and political organizations in the American states /cDaniel A. Smith and Caroline J. Tolbert. aAnn Arbor :bUniversity of Michigan Press,cc2004. axxii, 225p. aIncludes bibliographical references (p. 201-217) and index.0 aThe Progressive Era vision : instrumental and educative justifications of direct democracy -- The education of citizens : voting -- The education of citizens : civic engagement -- The education of citizens : confidence in government -- The education of special interests -- The education of political parties -- The educative possibilities and limitations of citizen lawmaking. aElectronic reproduction.bPalo Alto, Calif. :cebrary,d2013.nAvailable via World Wide Web.nAccess may be limited to ebrary affiliated libraries. 0aPolitical participationzUnited StatesxStates. 0aReferendumzUnited StatesxStates. 0aDirect democracyzUnited StatesxStates. 0aProgressivism (United States politics) 7aElectronic books.2local1 aTolbert, Caroline J.2 aebrary, Inc.40uhttp://site.ebrary.com/lib/rucke/Doc?id=10351524zAn electronic book accessible through the World Wide Web; click to view